00485nam a2200157Ia 4500003000900000008004100009040001600050080001200066100002000078245007400098260003300172300001600205490007100221650001600292650001900308IN-BaIIA211028s9999 xx 000 0 eng d cIIA Library a51bGOO aGoodstein, R. L 0aFundamental concepts of mathematicsbvol. 22cR. L. Goodstein  aOxfordbPergamon Pressc1962 aviii, 279p. aInternational Series of Monographs on Pure and Applied Mathematics aMathematics aNASA thesaurus